[Event "Krefeld Easter op"]
[Site "Krefeld"]
[Date "2025.04.18"]
[Round "2"]
[White "Richters, Marc"]
[Black "Scheck, Kyrill"]
[Result "0-1"]
[WhiteElo "1922"]
[BlackElo "2146"]
[PlyCount "168"]
[EventDate "2025.04.17"]
[EventType "swiss"]
[EventRounds "9"]
[EventCountry "GER"]
[SourceTitle "CB17_2025"]
[SourceDate "2025.04.23"]
[SourceVersion "1"]
[SourceVersionDate "2025.04.23"]
[SourceQuality "1"]

1. e4 c5 2. c3 a6 3. d4 cxd4 4. cxd4 d5 5. exd5 Nf6 6. Nc3 Nxd5 7. Bc4 Nxc3 8. bxc3 Qc7 9. Qb3 e6 10. Ne2 b5 11. Bd3 Bb7 12. 0-0 Bd6 13. Ng3 Nc6 14. f4 Na5 15. Qc2 Rc8 16. Ne4 Be7 17. f5 e5 18. dxe5 Bxe4 19. Bxe4 Qxe5 20. f6 Bxf6 21. Qe2 Rc4 22. Re1 Qc5+ 23. Kh1 0-0 24. Be3 Qe5 25. Bd4 Qg5 26. Qd3 Bxd4 27. cxd4 g6 28. Rad1 Nc6 29. Bxc6 Rxc6 30. Re5 Qf4 31. Re4 Qg5 32. Re5 Qf4 33. Re4 Qd6 34. Qe3 Rc2 35. Qb3 Qc7 36. d5 Qc3 37. Qxc3 Rxc3 38. d6 Rd8 39. h4 Kf8 40. Re7 Rxd6 41. Rxd6 Kxe7 42. Rxa6 Rc4 43. g3 Ra4 44. Rb6 b4 45. Kg1 Kf8 46. Kf1 Kg7 47. Ke1 Kh6 48. Kd1 f5 49. Rb7 Rxa2 50. Rxb4 Rg2 51. Rb3 Kh5 52. Ke1 Kg4 53. Rb7 h5 54. Rg7 Rxg3 55. Rxg6+ Kxh4 56. Rf6 Kg5 57. Rf8 Kf4 58. Kf2 h4 59. Rh8 Rf3+ 60. Kg2 Rg3+ 61. Kh2 Kg4 62. Rg8+ Kf3 63. Rh8 Rg2+ 64. Kh3 Rg4 65. Ra8 Re4 66. Ra3+ Re3 67. Ra8 Re4 68. Ra3+ Kf2 69. Ra5 f4 70. Ra2+ Re2 71. Ra8 f3 72. Kxh4 Kf1 73. Kg3 f2 74. Ra1+ Re1 75. Ra2 Re3+ 76. Kh2 Rf3 77. Ra1+ Ke2 78. Ra2+ Ke3 79. Ra3+ Ke4 80. Ra4+ Kd5 81. Ra5+ Kc6 82. Ra6+ Kb7 83. Rh6 f1R 84. Rh7+ Rf7 0-1

[Event "GER Cup Net Final-B U2000"]
[Site "Playchess.com INT"]
[Date "2020.06.06"]
[Round "5"]
[White "Mueller, Achim2"]
[Black "Richters, Marc"]
[Result "0-1"]
[WhiteElo "1841"]
[BlackElo "1912"]
[PlyCount "64"]
[EventDate "2020.06.06"]
[EventType "swiss (blitz)"]
[EventRounds "13"]
[EventCountry "GER"]
[SourceTitle "CBM 197 Extra"]
[Source "ChessBase"]
[SourceDate "2020.09.30"]
[SourceVersion "1"]
[SourceVersionDate "2020.09.30"]
[SourceQuality "1"]

1. e4 c5 2. Nf3 d6 3. d3 Nf6 4. g3 Nc6 5. Bg2 e5 6. 0-0 h6 7. c3 Bg4 8. h3 Be6 9. a3 Qd7 10. Kh2 g5 11. Ng1 Bg7 12. b4 cxb4 13. axb4 d5 14. b5 Ne7 15. Na3 dxe4 16. dxe4 Qc7 17. Bb2 Rd8 18. Qe2 0-0 19. Rad1 Bb3 20. Rxd8 Rxd8 21. Nf3 g4 22. Nh4 gxh3 23. Bxh3 Ng6 24. Nf5 Bf8 25. Re1 h5 26. Qf3 h4 27. gxh4 Rd2 28. Bc1 Ra2 29. Nh6+ Bxh6 30. Bxh6 Qc5 31. Qxf6 Rxf2+ 32. Qxf2 Qxf2+ 0-1

[Event "GER Cup Net V4 U2000"]
[Site "Playchess.com INT"]
[Date "2020.05.31"]
[Round "4"]
[White "Richters, Marc"]
[Black "Hertel, Marco"]
[Result "1-0"]
[WhiteElo "1936"]
[BlackElo "1836"]
[PlyCount "87"]
[EventDate "2020.05.31"]
[EventType "swiss (blitz)"]
[EventRounds "9"]
[EventCountry "GER"]
[SourceTitle "EXT 2021"]
[Source "ChessBase"]
[SourceDate "2020.10.23"]
[SourceVersion "1"]
[SourceVersionDate "2020.10.23"]
[SourceQuality "1"]

1. e4 d6 2. d4 Nf6 3. Nc3 g6 4. f4 Bg7 5. Nf3 0-0 6. Bd3 Nc6 7. 0-0 Bg4 8. d5 Nd4 9. Be3 Nxf3+ 10. gxf3 Bd7 11. e5 Ne8 12. Bd4 c5 13. dxc6 bxc6 14. Be4 c5 15. Bf2 Rb8 16. exd6 Nxd6 17. Bxc5 Rxb2 18. Nd5 Bh3 19. Re1 Rb5 20. Ba3 Nxe4 21. fxe4 Rxd5 22. exd5 Qb6+ 23. Kh1 Qf2 24. Rg1 Bxa1 25. Bxe7 Re8 26. d6 Bd4 27. Rg3 Bg2+ 28. Rxg2 Qxf4 29. h3 Rb8 30. d7 Qf5 31. d8Q+ Rxd8 32. Bxd8 Qxh3+ 33. Rh2 Qd7 34. Rd2 Qc6+ 35. Rg2 Be5 36. Qd3 Qe6 37. Bh4 h5 38. Bf2 h4 39. Bd4 h3 40. Re2 Qd5+ 41. Qe4 Qb5 42. Qxe5 Qb1+ 43. Kh2 Qf1 44. Qg7# 1-0

[Event "GER Cup Net V4 U2000"]
[Site "Playchess.com INT"]
[Date "2020.05.31"]
[Round "7"]
[White "Richters, Marc"]
[Black "Wulff, Joerg"]
[Result "1/2-1/2"]
[WhiteElo "1936"]
[BlackElo "1767"]
[PlyCount "140"]
[EventDate "2020.05.31"]
[EventType "swiss (blitz)"]
[EventRounds "9"]
[EventCountry "GER"]
[SourceTitle "EXT 2021"]
[Source "ChessBase"]
[SourceDate "2020.10.23"]
[SourceVersion "1"]
[SourceVersionDate "2020.10.23"]
[SourceQuality "1"]

1. e4 g6 2. d4 Bg7 3. f4 d6 4. Nf3 Nf6 5. Bd3 0-0 6. 0-0 Na6 7. c3 c5 8. h3 Nc7 9. Be3 b6 10. Nbd2 Bb7 11. Qe2 a6 12. g4 b5 13. g5 Nh5 14. Qf2 Ne6 15. Qh2 Rc8 16. Rad1 Qa5 17. f5 Nc7 18. e5 Nd5 19. Rfe1 cxd4 20. cxd4 Qxa2 21. f6 Nxe3 22. Rxe3 exf6 23. exf6 Nxf6 24. gxf6 Bxf6 25. Ne4 Bxe4 26. Bxe4 Qa4 27. Rd2 Rfe8 28. Qe2 Rc1+ 29. Kg2 Qc4 30. Qxc4 Rxc4 31. Ree2 a5 32. Kg3 b4 33. h4 a4 34. h5 a3 35. bxa3 bxa3 36. Ra2 Rc3 37. Kf2 gxh5 38. Ke1 Rc1+ 39. Kd2 Rc4 40. Bxh7+ Kf8 41. Rxe8+ Kxe8 42. Kd3 Ra4 43. Be4 Ke7 44. Nd2 Ra5 45. Nc4 Ra4 46. Bd5 h4 47. Kc3 h3 48. Kb3 Ra7 49. Re2+ Kf8 50. Nxa3 Bxd4 51. Nb5 Re7 52. Nxd4 Rxe2 53. Nxe2 Ke7 54. Kc4 Kf6 55. Kd4 h2 56. Ke3 Ke5 57. Bg2 d5 58. Nd4 f5 59. Nf3+ Kf6 60. Kd4 Kg6 61. Kxd5 Kh5 62. Ke5 Kg4 63. Bh1 f4 64. Ke4 Kg3 65. Ne1 Kf2 66. Nf3 Kg3 67. Kd3 Kf2 68. Kd2 Kf1 69. Kd3 Kf2 70. Ke4 Kg3 1/2-1/2

[Event "GER Cup Net V2 U2000"]
[Site "Playchess.com INT"]
[Date "2020.05.22"]
[Round "3"]
[White "Richters, Marc"]
[Black "Schondorf, Andree"]
[Result "1-0"]
[WhiteElo "1980"]
[BlackElo "1745"]
[PlyCount "79"]
[EventDate "2020.05.22"]
[EventType "swiss (blitz)"]
[EventRounds "9"]
[EventCountry "GER"]
[SourceTitle "EXT 2021"]
[Source "ChessBase"]
[SourceDate "2020.10.23"]
[SourceVersion "1"]
[SourceVersionDate "2020.10.23"]
[SourceQuality "1"]

1. e4 c5 2. c3 e6 3. d4 cxd4 4. cxd4 d5 5. e5 Nc6 6. Nf3 Qb6 7. Bd3 Bb4+ 8. Nc3 Nge7 9. 0-0 Bxc3 10. bxc3 Na5 11. Bg5 Ng6 12. h4 Nc4 13. h5 Ne7 14. Bxc4 dxc4 15. Bxe7 Kxe7 16. d5 exd5 17. Qxd5 Qe6 18. Qc5+ Ke8 19. Nd4 Qe7 20. Qxc4 Be6 21. Qb5+ Kf8 22. f4 g6 23. h6 b6 24. Nc6 Qc5+ 25. Qxc5+ bxc5 26. Rfd1 f6 27. Rd6 Kf7 28. Re1 Rhe8 29. exf6 Kxf6 30. Ne5 Rad8 31. Ra6 Rd2 32. Rxa7 Rxa2 33. Rxh7 Bd5 34. Nd7+ Kf5 35. Rxe8 Rxg2+ 36. Kf1 Kg4 37. Nf6+ Kf3 38. Nxd5 Rd2 39. Re3+ Kg4 40. c4 1-0

[Event "GER Cup Net V2 U2000"]
[Site "Playchess.com INT"]
[Date "2020.05.22"]
[Round "1"]
[White "Schroeder, Kai Uwe"]
[Black "Richters, Marc"]
[Result "1/2-1/2"]
[WhiteElo "1714"]
[BlackElo "1985"]
[PlyCount "71"]
[EventDate "2020.05.22"]
[EventType "swiss (blitz)"]
[EventRounds "9"]
[EventCountry "GER"]
[SourceTitle "EXT 2021"]
[Source "ChessBase"]
[SourceDate "2020.10.23"]
[SourceVersion "1"]
[SourceVersionDate "2020.10.23"]
[SourceQuality "1"]

1. e4 c5 2. Nf3 d6 3. d4 cxd4 4. Qxd4 Nc6 5. Bb5 Bd7 6. Bxc6 Bxc6 7. Nc3 Nf6 8. Bg5 h6 9. Bxf6 gxf6 10. 0-0-0 Bg7 11. Nh4 e6 12. Qxd6 Qb6 13. Qd4 Qxd4 14. Rxd4 f5 15. Rd6 fxe4 16. Rhd1 Ke7 17. g3 Rad8 18. Rxd8 Rxd8 19. Rxd8 Kxd8 20. Ng2 f5 21. Ne3 Ke7 22. Ne2 Kd6 23. c3 b5 24. Kc2 a5 25. b3 h5 26. Nf4 h4 27. Nh5 Be5 28. Nf1 hxg3 29. hxg3 b4 30. c4 a4 31. Ne3 Bd4 32. Ng2 e5 33. Ne3 Ke6 34. Ng7+ Kf6 35. Ngxf5 axb3+ 36. axb3 1/2-1/2

[Event "GER Cup Net V1 U2000"]
[Site "Playchess.com INT"]
[Date "2020.05.19"]
[Round "3"]
[White "Richters, Marc"]
[Black "Mueller, Achim2"]
[Result "0-1"]
[WhiteElo "2011"]
[BlackElo "1776"]
[PlyCount "84"]
[EventDate "2020.05.19"]
[EventType "swiss (blitz)"]
[EventRounds "9"]
[EventCountry "GER"]
[SourceTitle "EXT 2021"]
[Source "ChessBase"]
[SourceDate "2020.10.23"]
[SourceVersion "1"]
[SourceVersionDate "2020.10.23"]
[SourceQuality "1"]

1. e4 c5 2. c3 d6 3. d4 Nf6 4. Bd3 Nbd7 5. Ne2 e5 6. Kf1 Be7 7. Kg1 0-0 8. h3 b6 9. Kh2 Bb7 10. f3 Qc7 11. Nd2 exd4 12. cxd4 cxd4 13. Nxd4 d5+ 14. g3 dxe4 15. fxe4 Nc5 16. Bf1 Rad8 17. Nb5 Qb8 18. Qe1 Ncxe4 19. Nxe4 Nxe4 20. Bf4 Qc8 21. Rc1 Qf5 22. Bg2 Rc8 23. Nd4 Qg6 24. Qe3 Rfe8 25. Rhe1 Bc5 26. Qd3 Rcd8 27. Rc4 Ba6 28. Rd1 Bxc4 29. Qxc4 Qf6 30. Be3 Qe5 31. Bf4 Qf6 32. Be3 Qd6 33. Bf4 Qd7 34. Be3 Bd6 35. Rf1 Nxg3 36. Rf3 Nf5+ 37. Kh1 Nxe3 38. Qb3 Nxg2 39. Kxg2 Bc5 40. Nf5 Re2+ 41. Kf1 Rh2 42. h4 Qd1+ 0-1

[Event "GER-ch Net Amateur Gr-B Final"]
[Site "Playchess.com INT"]
[Date "2020.04.18"]
[Round "7"]
[White "Richters, Marc"]
[Black "Riesner, Daniel"]
[Result "1-0"]
[WhiteElo "1940"]
[BlackElo "2161"]
[PlyCount "79"]
[EventDate "2020.04.18"]
[EventType "swiss (blitz)"]
[EventRounds "13"]
[EventCountry "GER"]
[SourceTitle "CBM 195 Extra"]
[Source "ChessBase"]
[SourceDate "2020.05.31"]
[SourceVersion "1"]
[SourceVersionDate "2020.05.31"]
[SourceQuality "1"]

1. e4 e5 2. Nf3 Nc6 3. Bb5 Nf6 4. 0-0 Bc5 5. c3 0-0 6. d4 Bb6 7. Bg5 h6 8. Bh4 d6 9. dxe5 Nxe5 10. Nd4 g5 11. Bg3 Nxe4 12. Kh1 Qf6 13. Nd2 Nxg3+ 14. fxg3 Qg6 15. Ba4 Bg4 16. Qb3 Qd3 17. N2f3 Nxf3 18. Nxf3 Be6 19. Qa3 a5 20. Rad1 Qg6 21. c4 Bxc4 22. Rfe1 Be6 23. Qc3 Qg7 24. Qd3 Bc5 25. Bc2 Rae8 26. a3 Bd7 27. Rf1 Bc6 28. Nd2 Re3 29. Qf5 Re2 30. Ne4 Kh8 31. Bd3 Rxb2 32. Rde1 Bd4 33. h4 gxh4 34. Rf4 Bxe4 35. Bxe4 h5 36. Rxh4 Qg6 37. Rxh5+ Kg7 38. Rg5 Bf6 39. Rxg6+ fxg6 40. Qxg6+ 1-0

[Event "GER-ch Net Amateur Gr-B Vor2"]
[Site "Playchess.com INT"]
[Date "2020.04.15"]
[Round "7"]
[White "Popp, Michael"]
[Black "Richters, Marc"]
[Result "0-1"]
[WhiteElo "1670"]
[BlackElo "1927"]
[PlyCount "88"]
[EventDate "2020.04.15"]
[EventType "swiss (blitz)"]
[EventRounds "9"]
[EventCountry "GER"]
[SourceTitle "CBM 196 Extra"]
[Source "ChessBase"]
[SourceDate "2020.07.31"]
[SourceVersion "1"]
[SourceVersionDate "2020.07.31"]
[SourceQuality "1"]

1. e4 c5 2. Nc3 Nc6 3. Bb5 Nd4 4. Bc4 e6 5. Nge2 Nf6 6. 0-0 d5 7. exd5 exd5 8. Nxd5 Nxd5 9. Nxd4 cxd4 10. Qh5 Be6 11. Re1 Be7 12. Rxe6 Nf4 13. Rxe7+ Kxe7 14. Qg5+ f6 15. Qxf4 Qd6 16. Qxd6+ Kxd6 17. d3 Rae8 18. Bf4+ Kc6 19. Kf1 g5 20. Bg3 f5 21. f4 g4 22. h3 h5 23. h4 Re3 24. Kf2 Rhe8 25. Bf7 R8e7 26. Bxh5 Re2+ 27. Kg1 Rxc2 28. Bg6 Ree2 29. Bxf5 Rxg2+ 30. Kf1 Rxg3 31. Be4+ Kd6 32. f5 Ke5 33. Re1 Kf4 34. f6 Rc7 35. Re2 Rf7 36. Rf2+ Ke5 37. h5 Rxf6 38. Rxf6 Kxf6 39. h6 Re3 40. h7 Kg7 41. Kf2 Rxe4 42. dxe4 Kxh7 43. Kg3 d3 44. Kxg4 d2 0-1

[Event "GER-ch Net Amateur Gr-B Vor2"]
[Site "Playchess.com INT"]
[Date "2020.04.15"]
[Round "8"]
[White "Richters, Marc"]
[Black "Rempe, Jonas"]
[Result "1-0"]
[WhiteElo "1933"]
[BlackElo "1707"]
[PlyCount "67"]
[EventDate "2020.04.15"]
[EventType "swiss (blitz)"]
[EventRounds "9"]
[EventCountry "GER"]
[SourceTitle "CBM 196 Extra"]
[Source "ChessBase"]
[SourceDate "2020.07.31"]
[SourceVersion "1"]
[SourceVersionDate "2020.07.31"]
[SourceQuality "1"]

1. e4 e5 2. Nf3 Nc6 3. Bb5 a6 4. Ba4 Nf6 5. 0-0 Be7 6. Re1 b5 7. Bb3 0-0 8. c3 d5 9. exd5 Nxd5 10. d4 exd4 11. Nxd4 Bb7 12. Nf5 Nf6 13. Nxe7+ Nxe7 14. Qxd8 Raxd8 15. Rxe7 Bd5 16. Bxd5 Nxd5 17. Re1 Rfe8 18. Bd2 Rxe1+ 19. Bxe1 Re8 20. Nd2 Re2 21. Kf1 Re8 22. Rd1 Nf4 23. Nf3 Ne6 24. g3 Nc5 25. Kg2 Na4 26. Rd7 Nxb2 27. Rxc7 Nd3 28. Bd2 g6 29. Bh6 Nc1 30. Bxc1 Rf8 31. Bh6 Re8 32. Ne5 f6 33. Rg7+ Kf8 34. Nd7# 1-0

[Event "GER-ch Net Amateur Gr-B Vor1"]
[Site "Playchess.com INT"]
[Date "2020.04.14"]
[Round "4"]
[White "Ertelt, Pornchai"]
[Black "Richters, Marc"]
[Result "0-1"]
[WhiteElo "1484"]
[BlackElo "1539"]
[PlyCount "68"]
[EventDate "2020.04.14"]
[EventType "swiss (blitz)"]
[EventRounds "9"]
[EventCountry "GER"]
[SourceTitle "EXT 2021"]
[Source "ChessBase"]
[SourceDate "2020.10.23"]
[SourceVersion "1"]
[SourceVersionDate "2020.10.23"]
[SourceQuality "1"]

1. d4 Nf6 2. Nf3 d6 3. e3 g6 4. Bd3 Bg7 5. b3 0-0 6. Bb2 Nbd7 7. Nbd2 Re8 8. 0-0 e5 9. dxe5 dxe5 10. e4 Nc5 11. Nc4 Nfxe4 12. Bxe4 Qxd1 13. Raxd1 Nxe4 14. Bxe5 Bg4 15. Bxg7 Kxg7 16. Rd3 Nc5 17. Rd5 b6 18. Nfe5 Be6 19. Rd4 Rad8 20. Rfd1 Rxd4 21. Rxd4 Bxc4 22. Rxc4 Rxe5 23. g3 Re1+ 24. Kg2 Re4 25. Rc3 Kf6 26. b4 Ne6 27. a3 Ke5 28. f4+ Kd4 29. Rd3+ Kc4 30. Rd7 f5 31. Rxh7 Re2+ 32. Kf3 Rxc2 33. h4 Nd4+ 34. Ke3 Re2# 0-1

[Event "GER-ch Net Amateur Gr-B Vor1"]
[Site "Playchess.com INT"]
[Date "2020.04.14"]
[Round "2"]
[White "Richters, Marc"]
[Black "Hoppe, Frank"]
[Result "0-1"]
[WhiteElo "1620"]
[BlackElo "1831"]
[PlyCount "60"]
[EventDate "2020.04.14"]
[EventType "swiss (blitz)"]
[EventRounds "9"]
[EventCountry "GER"]
[SourceTitle "EXT 2021"]
[Source "ChessBase"]
[SourceDate "2020.10.23"]
[SourceVersion "1"]
[SourceVersionDate "2020.10.23"]
[SourceQuality "1"]

1. e4 e6 2. b3 d5 3. Bb2 Nf6 4. e5 Nfd7 5. f4 c5 6. Nf3 Nc6 7. d4 b6 8. c4 dxc4 9. Bxc4 Nxd4 10. Nxd4 cxd4 11. 0-0 Bb7 12. f5 Qg5 13. Qe2 Qe3+ 14. Qxe3 dxe3 15. fxe6 fxe6 16. Bxe6 Nc5 17. Bc4 0-0-0 18. Nc3 Rd2 19. Bc1 Rxg2+ 20. Kh1 Rxa2+ 21. Nd5 Rxa1 22. Re1 Be7 23. Kg2 Bg5 24. h4 Bh6 25. Kg3 Re8 26. b4 Ne4+ 27. Kf3 Rxe5 28. Nxe3 Nd2+ 29. Kf2 Nxc4 30. Nxc4 Rxe1 0-1

[Event "GER-ch Net Amateur Gr-B Vor1"]
[Site "Playchess.com INT"]
[Date "2020.04.14"]
[Round "6"]
[White "Richters, Marc"]
[Black "Kosovska, Olena"]
[Result "1-0"]
[WhiteElo "1646"]
[BlackElo "1738"]
[PlyCount "145"]
[EventDate "2020.04.14"]
[EventType "swiss (blitz)"]
[EventRounds "9"]
[EventCountry "GER"]
[SourceTitle "EXT 2021"]
[Source "ChessBase"]
[SourceDate "2020.10.23"]
[SourceVersion "1"]
[SourceVersionDate "2020.10.23"]
[SourceQuality "1"]

1. e4 c5 2. c3 d6 3. d4 cxd4 4. cxd4 Nf6 5. Nc3 g6 6. f4 Bg7 7. Nf3 0-0 8. Bd3 Nbd7 9. e5 dxe5 10. dxe5 Ne8 11. e6 fxe6 12. 0-0 Nc5 13. Bc4 Nd6 14. Be3 Nxc4 15. Bxc5 Qc7 16. Bd4 e5 17. fxe5 Nxe5 18. Qb3+ Nc4 19. Bxg7 Kxg7 20. Kh1 Bg4 21. Nd5 Qc5 22. Qc3+ Kh6 23. Rad1 Rac8 24. b4 Qd6 25. Qc1+ Kg7 26. Qg5 Bxf3 27. gxf3 Qe5 28. Qxe5+ Nxe5 29. Nxe7 Rc4 30. Nd5 Rxf3 31. Rfe1 Nc6 32. b5 Nd4 33. Re7+ Kh6 34. Kg2 Ra3 35. Rd2 Rca4 36. Ne3 Rxa2 37. Rxa2 Rxa2+ 38. Kg3 Nf5+ 39. Nxf5+ gxf5 40. Rxb7 Ra5 41. Kf4 Kg6 42. h4 h6 43. Rb8 Ra4+ 44. Ke5 f4 45. Rg8+ Kf7 46. Rh8 Kg7 47. Ra8 f3 48. b6 f2 49. Rxa7+ Rxa7 50. bxa7 f1Q 51. a8Q Qe2+ 52. Kf4 Qc4+ 53. Kf5 Qf7+ 54. Kg4 Qg6+ 55. Kf3 Qf5+ 56. Kg3 Qd3+ 57. Kf4 Qf1+ 58. Kg4 Qg1+ 59. Kf4 Qh2+ 60. Kg4 Qe2+ 61. Kf5 Qh5+ 62. Ke6 Qg4+ 63. Ke5 Qg3+ 64. Ke6 Qe3+ 65. Kf5 Qf2+ 66. Kg4 Qd4+ 67. Kf5 Qc5+ 68. Ke6 Qe3+ 69. Kd6 Qf4+ 70. Ke6 Qxh4 71. Qb7+ Kg6 72. Qf7+ Kg5 73. Qf5# 1-0

[Event "Ruhrgebiet Verbandsliga Gruppe 1 1718"]
[Site "Germany"]
[Date "2017.09.17"]
[Round "1.1"]
[White "Richters, Marc"]
[Black "Mainka, Gregor"]
[Result "0-1"]
[WhiteElo "1911"]
[BlackElo "2183"]
[PlyCount "32"]
[EventDate "2017.09.17"]
[EventType "team-tourn"]
[EventRounds "9"]
[EventCountry "GER"]
[SourceTitle "EXT 2022"]
[Source "ChessBase"]
[SourceDate "2021.10.06"]
[SourceVersion "1"]
[SourceVersionDate "2021.10.06"]
[SourceQuality "1"]
[WhiteTeam "Muelheim Nord IV"]
[BlackTeam "Annen Sport Union"]
[WhiteTeamCountry "GER"]
[BlackTeamCountry "GER"]

1. e4 e6 2. b3 d5 3. Bb2 dxe4 4. Nc3 Nf6 5. Qe2 Be7 6. Nxe4 Nbd7 7. g4 Nxe4 8. Qxe4 Bf6 9. d4 c5 10. 0-0-0 cxd4 11. g5 Bxg5+ 12. f4 Bf6 13. Nf3 Nc5 14. Qe1 d3 15. Ba3 Qc7 16. Qe3 Nxb3+ 0-1

[Event "Ruhrgebiet Verbandsklasse Gruppe 2 1617"]
[Site "Germany"]
[Date "2017.02.19"]
[Round "7.5"]
[White "Helmert, Jochen"]
[Black "Richters, Marc"]
[Result "0-1"]
[WhiteElo "1848"]
[BlackElo "1902"]
[PlyCount "82"]
[EventDate "2016.09.04"]
[EventType "team-tourn"]
[EventRounds "9"]
[EventCountry "GER"]
[SourceTitle "EXT 2022"]
[Source "ChessBase"]
[SourceDate "2021.10.06"]
[SourceVersion "1"]
[SourceVersionDate "2021.10.06"]
[SourceQuality "1"]
[WhiteTeam "Boenen SV"]
[BlackTeam "Ruettenscheid Rochade"]
[WhiteTeamCountry "GER"]
[BlackTeamCountry "GER"]

1. e4 c5 2. Nf3 d6 3. Bb5+ Nd7 4. 0-0 a6 5. Bxd7+ Bxd7 6. d4 cxd4 7. Qxd4 Nf6 8. e5 dxe5 9. Nxe5 Bf5 10. Qxd8+ Rxd8 11. c4 Ne4 12. Be3 f6 13. Nf3 e5 14. Nbd2 Nxd2 15. Nxd2 Bb4 16. Nb3 Bd3 17. Rfc1 a5 18. Bb6 Rc8 19. Bxa5 Bxa5 20. Nxa5 b6 21. Nb3 Rxc4 22. Nd2 Rxc1+ 23. Rxc1 Kd7 24. Rc3 e4 25. f3 f5 26. fxe4 fxe4 27. Kf2 Kd6 28. Ke3 Kd5 29. Rc7 g5 30. Rg7 h6 31. Rd7+ Ke6 32. Rc7 Kd6 33. Rc3 Kd5 34. b3 b5 35. a4 bxa4 36. bxa4 Ra8 37. Ra3 Rc8 38. a5 Rc1 39. Kf2 Ba6 40. Ra4 Rc2 41. Ke1 e3 0-1

[Event "Ruhrgebiet Verbandsklasse Gruppe 2 1617"]
[Site "Germany"]
[Date "2016.09.25"]
[Round "2.4"]
[White "Hinkmann, Jens"]
[Black "Richters, Marc"]
[Result "1-0"]
[WhiteElo "2002"]
[BlackElo "1904"]
[PlyCount "31"]
[EventDate "2016.09.04"]
[EventType "team-tourn"]
[EventRounds "9"]
[EventCountry "GER"]
[SourceTitle "EXT 2022"]
[Source "ChessBase"]
[SourceDate "2021.10.06"]
[SourceVersion "1"]
[SourceVersionDate "2021.10.06"]
[SourceQuality "1"]
[WhiteTeam "Bochum SV II"]
[BlackTeam "Ruettenscheid Rochade"]
[WhiteTeamCountry "GER"]
[BlackTeamCountry "GER"]

1. e4 c5 2. Nc3 Nc6 3. g3 g6 4. Bg2 Bg7 5. d3 e6 6. Be3 b6 7. Nge2 Nd4 8. e5 Nc6 9. d4 cxd4 10. Nxd4 Nge7 11. Bg5 Ba6 12. Nxc6 dxc6 13. Bxc6+ Nxc6 14. Bxd8 Rxd8 15. Qg4 Nxe5 16. Qa4+ 1-0

[Event "Dortmund Sparkassen op-A"]
[Site "Dortmund"]
[Date "2015.07.03"]
[Round "7"]
[White "Schmitz, Edgar"]
[Black "Richters, Marc"]
[Result "0-1"]
[WhiteElo "1982"]
[BlackElo "2032"]
[PlyCount "94"]
[EventDate "2015.06.27"]
[EventType "swiss"]
[EventRounds "9"]
[EventCountry "GER"]
[SourceTitle "CBM 167 Extra"]
[Source "ChessBase"]
[SourceDate "2015.09.14"]
[SourceVersion "1"]
[SourceVersionDate "2015.09.14"]
[SourceQuality "1"]

1. e4 c5 2. Nf3 d6 3. Bb5+ Nd7 4. c3 a6 5. Ba4 b5 6. Bc2 Bb7 7. 0-0 Ngf6 8. Re1 g6 9. a4 Bg7 10. d4 0-0 11. e5 Nd5 12. e6 fxe6 13. Ng5 Nc7 14. dxc5 Nxc5 15. Nxh7 Kxh7 16. Qh5+ Kg8 17. Bxg6 Rf6 18. Qh7+ Kf8 19. Re3 Rxg6 20. Qxg6 Qe8 21. Qh7 Qf7 22. Nd2 Nd5 23. Rg3 Nf6 24. Qc2 bxa4 25. Nf3 e5 26. Be3 Nfe4 27. Rg4 Qb3 28. Qe2 Qe6 29. Ng5 Qf5 30. Nxe4 Nxe4 31. Rd1 a3 32. f3 Nf6 33. Rb4 Bc6 34. Rb6 axb2 35. Rxb2 Nd5 36. Bd2 Bb5 37. c4 e4 38. fxe4 Qe5 39. Ra1 Qd4+ 40. Kh1 Qxc4 41. Qf3+ Nf6 42. Bg5 Rc8 43. h4 Qd3 44. Qf4 Rc5 45. Qf2 Qxe4 46. Bxf6 Bxf6 47. Re1 Qxh4+ 0-1

[Event "Dortmund Sparkassen op-A"]
[Site "Dortmund"]
[Date "2015.06.29"]
[Round "3"]
[White "Richters, Marc"]
[Black "Winkel, Peter"]
[Result "1/2-1/2"]
[WhiteElo "2032"]
[BlackElo "1826"]
[PlyCount "76"]
[EventDate "2015.06.27"]
[EventType "swiss"]
[EventRounds "9"]
[EventCountry "GER"]
[SourceTitle "CBM 167 Extra"]
[Source "ChessBase"]
[SourceDate "2015.09.14"]
[SourceVersion "1"]
[SourceVersionDate "2015.09.14"]
[SourceQuality "1"]

1. e4 c5 2. c3 Nf6 3. e5 Nd5 4. d4 cxd4 5. Nf3 e6 6. cxd4 d6 7. Nc3 Nxc3 8. bxc3 Qc7 9. Bd2 Nd7 10. exd6 Bxd6 11. Bd3 b6 12. 0-0 Bb7 13. h3 0-0 14. Qc2 h6 15. Be4 Nf6 16. Bxb7 Qxb7 17. a4 Rac8 18. a5 b5 19. a6 Qd5 20. Qb2 Ne4 21. Ra5 Qc6 22. Qxb5 Nxc3 23. Qxc6 Ne2+ 24. Kh1 Rxc6 25. Ne5 Rc2 26. Be3 Rfc8 27. g4 Nc3 28. Kg2 Nd5 29. Kf3 Bxe5 30. dxe5 Nxe3 31. fxe3 R8c5 32. Rxc5 Rxc5 33. Rd1 Ra5 34. Rd8+ Kh7 35. Rd7 Rxa6 36. Rxf7 Ra5 37. Re7 Rxe5 38. Rxa7 Kg6 1/2-1/2

[Event "Solingen Karneval op"]
[Site "Solingen"]
[Date "2014.03.01"]
[Round "2"]
[White "Gula, Julian"]
[Black "Richters, Marc"]
[Result "0-1"]
[WhiteElo "1586"]
[BlackElo "2062"]
[PlyCount "84"]
[EventDate "2014.02.28"]
[EventType "swiss"]
[EventRounds "5"]
[EventCountry "GER"]
[SourceTitle "EXT 2016"]
[Source "ChessBase"]
[SourceDate "2015.10.08"]
[SourceVersion "1"]
[SourceVersionDate "2015.10.08"]
[SourceQuality "1"]

1. d4 Nf6 2. c4 d6 3. Nf3 g6 4. Nc3 Bg7 5. e4 0-0 6. h3 e5 7. d5 Nh5 8. Bg5 Qe8 9. Nd2 f5 10. g3 h6 11. g4 Nf4 12. Bh4 fxg4 13. hxg4 a6 14. g5 h5 15. f3 c6 16. Qc2 b5 17. b3 Rf7 18. Ne2 Rc7 19. cxb5 axb5 20. Nxf4 exf4 21. Rc1 Rca7 22. Bxb5 Rxa2 23. Qc4 cxb5 24. Qxc8 Nd7 25. Qc6 Nc5 26. Qxe8+ Rxe8 27. Rd1 Bc3 28. Ke2 Nxb3 29. Be1 Bxd2 30. Bxd2 Nd4+ 31. Kf2 Rc8 32. Rh3 Rcc2 33. Ke1 b4 34. Bxb4 Re2+ 35. Kf1 Rf2+ 36. Kg1 Rxf3 37. Rxf3 Nxf3+ 38. Kf1 Nxg5 39. Bxd6 Nxe4 40. Be7 f3 41. Bh4 g5 42. Be1 f2 0-1

[Event "Groningen op-A 50th"]
[Site "Groningen"]
[Date "2012.12.30"]
[Round "9"]
[White "Gieben, Stijn"]
[Black "Richters, Marc"]
[Result "0-1"]
[WhiteElo "2048"]
[BlackElo "2075"]
[PlyCount "58"]
[EventDate "2012.12.21"]
[EventType "swiss"]
[EventRounds "9"]
[EventCountry "NED"]
[SourceTitle "CBM 152 Extra"]
[Source "ChessBase"]
[SourceDate "2013.02.25"]
[SourceVersion "1"]
[SourceVersionDate "2013.02.25"]
[SourceQuality "1"]

1. e4 c5 2. Nf3 d6 3. d4 cxd4 4. Nxd4 Nf6 5. Nc3 Nc6 6. Bg5 Qa5 7. Qd2 Bd7 8. Nb3 Qc7 9. 0-0-0 h6 10. Bxf6 gxf6 11. Be2 Bg7 12. f4 f5 13. exf5 Bxf5 14. g4 Be6 15. Nd5 Bxd5 16. Qxd5 a5 17. a4 Rc8 18. Bb5 0-0 19. Qf3 Ne5 20. Qg2 Nc4 21. Bxc4 Qxc4 22. Kb1 b5 23. axb5 a4 24. Na1 Qxb5 25. b3 axb3 26. Nxb3 Ra8 27. Kc1 Rfc8 28. Qd5 Qb4 29. g5 Qxf4+ 0-1